000 00604nam a22001817a 4500
003 LK-CoDNM
005 20241028110451.0
008 241028b |||||||| |||| 00| 0 eng 8
040 _aLK-CoDNM
_dLK-CoDNM
_eLK-CoDNM
041 _asin
080 _aප්‍ර.ව
_b58
245 _a වෙසක් පියුම i - 2 කාණ්ඩය 5කලාපය
260 _bශ්‍රී රාහුල සංගමය
_c1933
300 _aiv, 24p. : 21 cm
650 _aවෙසක් පියුම i - 2 කාණ්ඩය 5කලාපය
650 _aප්‍ර.ව 58
942 _cBK
999 _c223501
_d223501